LEADER 02573oas 2201021 a 450 001 9910146362603321 005 20251106213014.0 011 $a1532-3129 035 $a(DE-599)ZDB2002413-7 035 $a(DE-599)2002413-7 035 $a(OCoLC)41401633 035 $a(CONSER) 00227348 035 $a(CKB)954922645030 035 $a(EXLCZ)99954922645030 100 $a19990520a19659999 sy a 101 0 $aeng 135 $aurcnu|||||||| 181 $ctxt$2rdacontent 182 $cc$2rdamedia 183 $acr$2rdacarrier 200 10$aJournal of comparative pathology 210 $a[London] $cHarcourt 210 31$c[London] :$cElsevier Science Ltd. 300 $aRefereed/Peer-reviewed 311 08$a0021-9975 531 0 $aJ. comp. pathol. 606 $aVeterinary pathology$vPeriodicals 606 $aVeterinary therapeutics$vPeriodicals 606 $aPathology, Comparative$vPeriodicals 606 $aTherapeutics$vPeriodicals 606 $aPathology, Veterinary 606 $aPathology, Comparative$2fast$3(OCoLC)fst01054975 606 $aTherapeutics$2fast$3(OCoLC)fst01149694 606 $aVeterinary pathology$2fast$3(OCoLC)fst01166054 606 $aVeterinary therapeutics$2fast$3(OCoLC)fst01166103 608 $aPeriodical. 608 $aPeriodicals.$2fast 608 $aPeriodicals.$2lcgft 615 0$aVeterinary pathology 615 0$aVeterinary therapeutics 615 0$aPathology, Comparative 615 0$aTherapeutics 615 2$aPathology, Veterinary. 615 7$aPathology, Comparative. 615 7$aTherapeutics. 615 7$aVeterinary pathology. 615 7$aVeterinary therapeutics. 676 $a616 801 0$bIRU 801 1$bIRU 801 2$bEYM 801 2$bNSD 801 2$bOCLCQ 801 2$bEEM 801 2$bOCLCQ 801 2$bMYG 801 2$bOCLCQ 801 2$bBUF 801 2$bOCLCO 801 2$bOCLCF 801 2$bOCLCO 801 2$bEUW 801 2$bOCLCO 801 2$bOCLCQ 801 2$bOCLCO 801 2$bOCLCQ 801 2$bZ5A 801 2$bOCLCO 801 2$bNLE 801 2$bDLC 801 2$bU3W 801 2$bEZC 801 2$bAU@ 801 2$bOCLCO 801 2$bWYU 801 2$bUKMGB 801 2$bTKN 801 2$bVT2 801 2$bOCLCQ 801 2$bOCLCO 801 2$bOCLCQ 801 2$bUAB 801 2$bOCLCL 801 2$bOCLCQ 906 $aJOURNAL 912 $a9910146362603321 996 $aJournal of comparative pathology$9793750 997 $aUNINA